• 首页
  • 本馆介绍
  • 公告通知
  • 最新文献
  • 馆藏检索
  • 电子资源
  • 读者导购
  • 参考咨询
  • 我的图书馆
  • 登录
  • 详细信息显示
  • 放入我的书架
  • 预约/预借图书
  • 作者相关作品
  • 分类相关作品
  • 丛书相关作品
  • 出版社相关作品

书目信息

  • 表格格式
  • 工作单格式
  • 卡片格式
题名:
魏碑自学教程
    
 
作者: 黄全信 编著
分册:  
出版信息: 北京   华语教学出版社  1995
页数: 152页
开本: 26cm
丛书名: 中国书法自学丛书
单 册:
中图分类: J292.11 , J292.23
科图分类:
主题词: 书法-楷书--中国--教材 , 楷书-书法--中国--教材
电子资源:
ISBN: 7-80052-383-7
000 00889nam2 2200289 45
001 0195019303
005 20061017085850.51
010    @a7-80052-383-7@dCNY12.60
100    @a19950506d1995 em y0chiy0121 ea
101 0  @achi
102    @aCN@b110000
105    @ay z 000yy
200 10 @a魏碑自学教程@AWEI BEI ZI XUE JIAO CHENG@f黄全信编著@FHUANG QUAN XIN BIAN ZHU
210    @a北京@c华语教学出版社@d1995
215    @a152页@d26cm
225 2  @a中国书法自学丛书
300    @a版权页题名为:中国书法自学教程-魏碑
314    @a黄全信,北京师大附中美术、书法高级教师,北京书法家协会会员
410  0 @120010@a中国书法自学丛书
540 1  @a魏碑@AWEI BEI
606    @a书法-楷书@y中国@x教材
606    @a楷书-书法@y中国@x教材
690    @aJ292.11@v三版
690    @aJ292.23@v3
701  0 @a黄全信@AHUANG QUAN XIN@4编著
801  0 @aCN@bTSSF@c20061017
905    @a10447@dJ292.23@e386
    
    魏碑自学教程/黄全信编著.-北京:华语教学出版社,1995
    152页;26cm.-(中国书法自学丛书)
    版权页题名为:中国书法自学教程-魏碑
    
    ISBN 7-80052-383-7:CNY12.60
    
●
相关链接 在E读中查询图书 在五车中查询图书 在当当中查询图书 在豆瓣中查询图书


正题名:魏碑自学教程     索取号:J292.23/386         预约/预借

序号 登录号 条形码 馆藏地/架位号 状态 备注
1 0502502   205025024   密集书库/ [索取号:J292.23/386] 在馆    
唐山师范学院图书馆 欢迎您!
大连网信软件有限公司© 版权所有